Twists and turns / (Record no. 138532)

MARC details
000 -LEADER
fixed length control field 00511nam a22001817a 4500
005 - DATE AND TIME OF LATEST TRANSACTION
control field 20170329124316.0
010 ## - LCCN (DPL NO)
LC control number ENG-117628
020 ## - INTERNATIONAL STANDARD BOOK NUMBER
International Standard Book Number 9789382524427
Terms of availability 395.00
035 ## - SYSTEM CONTROL NUMBER
System control number EN-101160
037 ## - SOURCE OF ACQUISITION
Source of stock number/acquisition DABD/PUB
082 ## - DEWEY DECIMAL CLASSIFICATION NUMBER
Classification number N
100 ## - MAIN ENTRY--PERSONAL NAME
Personal name Richharia, Ritambhara
245 ## - TITLE STATEMENT
Title Twists and turns /
Statement of responsibility, etc by Ritambhara Richharia
260 ## - PUBLICATION, DISTRIBUTION, ETC. (IMPRINT)
Place of publication, distribution, etc New Delhi
Name of publisher, distributor, etc The Book Line
Date of publication, distribution, etc 2017
270 ## - ADDRESS
Address 106,4787 23,Ist Floor,Ansari Road,Daryaganj
City New Delhi
Postal code 110001
300 ## - PHYSICAL DESCRIPTION
Extent 159p.
Dimensions 22m(Hb)
942 ## - ADDED ENTRY ELEMENTS (KOHA)
Source of classification or shelving scheme Dewey Decimal Classification
Item type English Books
Classification part N
Call number suffix RIC
Holdings
Withdrawn status Lost status Not for loan Collection code Home library Current library Date acquired Source of acquisition Cost, normal purchase price Full call number Barcode Copy number Cost, replacement price Koha item type
      Fiction Patel Nagar Patel Nagar 29/03/2017 DBAD/PUB 395.00 N RIC EN-101160 1 395.00 English Books

© Delhi Public Library
Hit Counter
free hit counter